000 01288cas a2200253 4500
001 L153622
008 110808s2010 eng u
035 _a(Sirsi) u153622
041 0 _aeng
050 _a333.33 $2 18
110 2 _aDTZ
245 0 0 _aInvestment market update UK retail high street
_h[electronic resource]
260 _a[S.l.]
_bDTZ
_c2010-
362 0 _aQ1 2010-
490 0 _aDTZ Investment Update UK Retail High Street
_vQ1 2010-
520 _aA regular report on the real estate investment market including commentary, significant transactions and key data including executive summary, transaction analysis, yield, vendor and purchaser analysis, occupational demand, looking forward and contacts.
554 _aQuarterly
650 2 4 _aDTZ INVESTMENT UPDATE UK RETAIL HIGH STREET
651 4 _aUnited Kingdom
_y
690 _aPROPERTY-COMMERCIAL PROPERTY-COMMERCIAL PROPERTY FINANCE AND INVESTMENT
690 _aPROPERTY-COMMERCIAL PROPERTY-COMMERCIAL PROPERTY MARKET
856 4 0 _uhttps://www.dtz.com/Global/Research?vgnLocale=en_GB
_zView the report free of charge after free registration (tick the Investment Market Update box under the Report Series tab, type UK Retail High Street in the keyword box and click on search) at www.dtz.com
942 _n0
999 _c119345
_d119345